000 00535nam a22001817a 4500
005 20251108175045.0
008 250721s2012 xx 000 0 ara d
082 1 4 _a612.82/موص
100 1 _aالموصلي، سامي أحمد
245 1 0 _aالدماغ البشري /
264 1 _aعمان :
_bدار دجلة ناشرون و موزعون،
_c2012.
300 _a187ص.
650 1 7 _aالدماغ
650 1 7 _aطب الاعصاب
650 1 7 _aامراض الجهاز العصبي
942 _2ddc
_cBK
999 _c125080
_d125080